000 00756nam a2200241Ia 4500
003 OSt
005 20220926021716.0
006 a|||||r|||| 00| 0
007 ta
008 220923b |||||||| |||| 00| 0 eng d
037 _cGeneral Book
040 _aRTL
_cRTL
_beng
041 _2eng
_aeng
082 _aVIN45,936:8.N73, L3,1 UN
110 _aUNITED NATIONS, ECONOMIC AND SOCIAL COUNCIL .
245 0 _aResolutions
_b 4July-10Aug 1973.
260 _aNew York
_bUnited Nations
_c1973
300 _aviii,38p
_ccm.
500 _aOfficial records : 55th session ,Supp.no.1
700 _aUNITED NATIONS, ECONOMIC AND SOCIAL COUNCIL .
942 _hVIN45,936:8.N73, L3,1 UN
_cGB
_2CC
999 _c637438
_d637438